Statistics for American Military Aircraft Quiz

Click here to take the quiz!

General Stats

  • This quiz has been taken 113 times
    (26 since last reset)
  • The average score is 49 of 500

Answer Stats

Answer% Correct
A-10 Thunderbolt II
96%
B-2 Spirit
87%
F-15C Eagle
87%
F-22 Raptor
87%
B-52 Stratofortress
83%
F-35 Lightning II
83%
B-1 Lancer
74%
F-117 Nighthawk
74%
F-14 Tomcat
74%
F-16 Fighting Falcon
74%
F-4 Phantom II
74%
C-130 Hercules
70%
F/A-18 Super Hornet
70%
C-5 Galaxy
65%
SR-71 Blackbird
61%
A-6 Intruder
57%
AH-64 Apache
57%
B-21 Raider
57%
C-17 Globemaster III
52%
CH-47 Chinook
52%
F-111 Aardvark
52%
F-5 Tiger II
52%
F-15E Strike Eagle
48%
F-86 Sabre
48%
MQ-9 Reaper
48%
A-4 Skyhwak
43%
AH-1G Cobra
43%
AV-8B Harrier II
43%
B-24 Liberator
43%
E-2 Hawkeye
43%
E-3 Sentry
43%
F-20 Tigershark
43%
F4U Corsair
43%
A-1 Skyraider
39%
AC-130J Ghostrider
39%
B-17 Flying Fortress
39%
B-25 Mitchell
39%
B-29 Superfortress
39%
B-36 Peacemaker
39%
B-57 Canberra
39%
C-47 Skytrain
39%
CH-53 Sea Stallion
39%
F-104 Starfighter
39%
MQ-1 Predator
39%
MV-22 Osprey
39%
U-2 "Dragon Lady"
39%
UH-60 Blackhawk
39%
A-7 Corsair II
35%
AH-1W SuperCobra
35%
F-100 Super Sabre
35%
P-51 Mustang
35%
AH-1Z Viper
30%
B-47 Stratojet
30%
F-15EX Eagle II
30%
P-38 Lightning
30%
B-26 Marauder
26%
E/A-18 Growler
26%
EA-6B Prowler
26%
F-16XL
26%
F4F Wildcat
26%
F-8 Crusader
26%
F-9 Couger
26%
P-61 Black Widow
26%
UH-1N Iroquois
26%
YF-22
26%
YF-23
26%
A-12
22%
A-37 Dragonfly
22%
B-58 Hustler
22%
C-2 Greyhound
22%
E-4 "Nightwatch"
22%
F-101 Voodoo
22%
F-102 Delta Dagger
22%
F-105 Thunderchief
22%
F-106 Delta Dart
22%
F-107
22%
F6F Hellcat
22%
F-6 Skyray
22%
F8F Bearcat
22%
KC-135 Stratotanker
22%
MH-6 Little Bird
22%
P-26 Peashooter
22%
P-39 Airacobra
22%
P-40 Warhawk
22%
P-80 Shooting Star
22%
RQ-4 Global Hawk
22%
VC-25
22%
XB-70 Valkyrie
22%
A-20 Havoc
17%
A-26 Invader
17%
A2D Skyshark
17%
A-2 Savage
17%
A-3 Skywarrior
17%
A-5 Vigilante
17%
E-1 Tracer
17%
E-6 Mercury
17%
E-8 Joint STARS
17%
F-15 ACTIVE
17%
F-15B
17%
F-89 Scorpion
17%
KC-130J
17%
OA-10 Catalina
17%
P-36 Hawk
17%
P-47 Thunderbolt
17%
P-59 Airacomet
17%
T-38 Talon
17%
X-35
17%
YF-16
17%
YF-17 "Cobra"
17%
AC-47 Spooky
13%
B-10
13%
B-18 Bolo
13%
B-45 Tornado
13%
C-1 Trader
13%
C-32
13%
C-54 Skymaster
13%
EF-111 Raven
13%
F-111B
13%
F3H Demon
13%
F-84 Thunderjet
13%
F-86D "Sabre Dog"
13%
KC-10 Extender
13%
MQ-8 Fire Scout
13%
P-60
13%
P-64
13%
P-66 Vanguard
13%
P-70 Havoc
13%
P-75 Eagle
13%
SH-60 Seahawk
13%
X-47A Pegasus
13%
YF-12
13%
A-29 Hudson
9%
A-8 "Shrike"
9%
AH-56 Cheyenne
9%
B-32 Dominator
9%
B-66 Destroyer
9%
C-12 Huron
9%
C-135 Stratolifter
9%
C-141 Starlifter
9%
C-146A Wolfhound
9%
C-21
9%
C-26 "Metroliner"
9%
C-27J Spartan
9%
C-37
9%
C-46 Commando
9%
C-69 Constellation
9%
F2H Banshee
9%
F7F Tigercat
9%
F7U Cutlass
9%
F-84F Thunderstreak
9%
HH-60 Pave Hawk
9%
MH-65 Dolphin
9%
OH-58 Kiowa
9%
OV-10 Bronco
9%
P-35
9%
P-43 Lancer
9%
RAH-66 Comanche
9%
RQ-11 Raven
9%
RQ-20 Puma
9%
S-3 Viking
9%
S-67 Blackhawk
9%
SB2C Helldiver
9%
SBD Dauntless
9%
T-6 Texan
9%
X-32
9%
XF-85 Goblin
9%
YF-7 Sea Dart
9%
18 "Wasp"
4%
314 Clipper
4%
77-140 Bomber
4%
A-12 Shrike
4%
A-17 Nomad
4%
A-18 Shrike II
4%
A-24 Banshee
4%
A-25 Shrike
4%
A-27
4%
A-30 Baltimore
4%
A-31 Vengeance
4%
ACH-47A "Guns A Go-Go"
4%
AM Mauler
4%
B-23 Dragon
4%
B-2 Condor
4%
B-3
4%
B-4
4%
BTD Destroyer
4%
C-110
4%
C-123K Provider
4%
C-124 Globemaster II
4%
C-131 Samaritan
4%
C-20 Gulfstream
4%
C-38 Courier
4%
C-40A Clipper
4%
C-45 Expeditor
4%
C-64 Norseman
4%
C-74 Globemaster
4%
C-76 Caravan
4%
C-93 Conestoga
4%
CH-21 Shawnee
4%
CH-53K King Stallion
4%
CL-1200 Lancer
4%
EC-130H Compass Call
4%
F-10 Skyknight
4%
F-11 Tiger
4%
F2A Buffalo
4%
F2G "Super" Corsair
4%
F3F
4%
F6D Missileer
4%
F6U Pirate
4%
F9C Sparrowhawk
4%
H-12
4%
H-5
4%
KC-46 Pegasus
4%
L-3 Grasshopper
4%
MC-130J Commando II
4%
MH-53 Pave Low
4%
MH-60T Jayhawk
4%
NF-104A
4%
OV-1 Mohawk
4%
P-29
4%
P-2 Neptune
4%
P-30
4%
P4Y-2 Privateer
4%
PBM Mariner
4%
RB-57F Canberra
4%
S-2 Tracker
4%
SBC Helldiver
4%
ScanEagle
4%
T-28 Trojan
4%
T-2 Buckeye
4%
T-37 Tweet
4%
T-45 Goshawk
4%
T-6 Texan II
4%
TBD Devastator
4%
TBM Avenger
4%
UH-1Y Venom
4%
V-173 "Flying Pancake"
4%
V-280 Valor
4%
VH-92A Patriot
4%
X-21
4%
XA-38 Grizzly
4%
XF5F Skyrocket
4%
XF-84H "Thunderscreech"
4%
XP-55 Ascender
4%
YA-9
4%
YB-35
4%
YB-49
4%
AF Guardian
0%
AT-10 Wichita
0%
AT-12 Guardsman
0%
AT-17 Bobcat
0%
AT-21 Gunner
0%
AT-9 Jeep
0%
BF2C Goshawk
0%
BG
0%
BM
0%
BT-12 Sophomore
0%
BT-13 Valiant
0%
BT-8
0%
CG-13
0%
CG-15
0%
CG-3
0%
CG-4
0%
CH-37 Mojave
0%
CN-235
0%
CS
0%
DT
0%
EC-121 Warning Star
0%
EP-3 Aries II
0%
F11C Goshawk
0%
F11F-1F Super Tiger
0%
F2B
0%
F3B
0%
F5D Skylancer
0%
F5L
0%
F7C Seahawk
0%
F-94 Starfire
0%
FF "Fifi"
0%
FH Phantom
0%
FJ-1 Fury
0%
FR FIreball
0%
FU
0%
G-21 Goose
0%
GB Traveller
0%
GH Nightingale
0%
H-12
0%
H-13 Sioux
0%
HA
0%
HC-130 Combat King
0%
HC-144 Ocean Sentry
0%
HH-43 Huskie
0%
HS
0%
HT-2 Speed Scout
0%
HUP Retriever
0%
J2K
0%
J4F Widgeon
0%
JF Duck
0%
JK
0%
JRC Bobcat
0%
JRM Mars
0%
JRS
0%
K-1200 K-MAX
0%
KC-97 Stratofreighter
0%
L-1 Vigilant
0%
L-5 Sentinel
0%
LC-130 "Skibird"
0%
LNE
0%
LNS
0%
LUSAC-11
0%
Lysander
0%
M-8
0%
MB-1
0%
MB-1
0%
MB-2
0%
MB-3
0%
MB-9
0%
MC-4
0%
MH-139 Grey Wolf
0%
N2S
0%
N2T Tutor
0%
N3N
0%
NBS-1
0%
NP
0%
NR Recruit
0%
O-19
0%
O-2
0%
O2U Corsair
0%
O-31
0%
O-38
0%
O-43
0%
O-46
0%
O-47
0%
O-52 Owl
0%
OH-13X Sioux Scout
0%
OH-23 Raven
0%
Orenco B
0%
Orenco D
0%
P-12
0%
P-16
0%
P-1 Hawk
0%
P2Y
0%
P-3 Orion
0%
P4M Mercator
0%
P5M Marlin
0%
P-5 Superhawk
0%
P-6 Hawk
0%
P6M SeaMaster
0%
P-8 Poseidon
0%
PA-1
0%
PA-48 Enforcer
0%
PB-1W Flying Fortress
0%
PB2Y Coronado
0%
PG-1
0%
PH
0%
Pigeon-Fraser
0%
PT-14
0%
PT-19
0%
PT-22 Recruit
0%
Pursuit
0%
PV-1 Ventura
0%
PW-2
0%
QH-50 DASH
0%
R2D
0%
R3D
0%
R3Q Reliant
0%
R-4
0%
R5O Lodestar
0%
R-6
0%
RC-135
0%
RD Dolphin
0%
RG-8A Condor
0%
S-52
0%
SA-16 Albatross
0%
SB2A Buccaneer
0%
SB2U Vindicator
0%
SBN
0%
SBU Corsair
0%
SC Seahawk
0%
SH-2 Seasprite
0%
SH-3 Sea King
0%
SNB Navigator
0%
SNC Falcon
0%
SO3C Seamew
0%
SOC Seagull
0%
Standard E-1
0%
T-1 Jayhawk
0%
T-32 Condor II
0%
T-34 Mentor
0%
T3M
0%
T-41 Mescalero
0%
T4M
0%
T-53 Kadet II
0%
TA-4 Skyhawk
0%
TBY Sea Wolf
0%
TDR
0%
TG-16 Glider
0%
TH-57 Sea Ranger
0%
TH-73 Thrasher
0%
TP
0%
TS
0%
U-28 Draco
0%
U-6A Beaver
0%
UC-101 Vega
0%
UC-35 Citation
0%
UH-19 Chickasaw
0%
UH-72 Lakota
0%
V-141
0%
VCP
0%
VE-7 "Bluebird"
0%
VH-60N White Hawk
0%
WC-130J Weatherbird
0%
WC-135 Constant Phoenix
0%
X-47B
0%
X-62 VISTA
0%
XA-14
0%
XA2J "Super Savage"
0%
XA-41
0%
XB-1
0%
XB-15
0%
XB-21
0%
XB-28 Dragon
0%
XB2Y
0%
XB-38 Flying Fortress
0%
XB-42 Mixmaster
0%
XB-46
0%
XB-48
0%
XB-51
0%
XB-8
0%
XBT2C
0%
XBTC
0%
XBTK
0%
XBY Fleetster
0%
XF-108 Rapier
0%
XF10F Jaguar
0%
XF-11
0%
XF14C
0%
XF2J
0%
XF2R Dark Shark
0%
XF2U
0%
XF5U "Flying Flapjack"
0%
XF6B
0%
XF-87 Blackhawk
0%
XF8B
0%
XF8U-3 Crusader III
0%
XF-90
0%
XF-91 Thunderceptor
0%
XF-92
0%
XFA
0%
XFD
0%
XFG
0%
XFH
0%
XFJ
0%
XFT
0%
XFV
0%
XFV-12
0%
XFY Pogo
0%
XH-26 Jet Jeep
0%
XH-8
0%
XLRA
0%
XP-10
0%
XP-13 Viper
0%
XP-15
0%
XP-31 Swift
0%
XP-4
0%
XP-41
0%
XP-46
0%
XP4Y Corregidor
0%
XP-50
0%
XP-54 "Swoose Goose"
0%
XP-56 Black Bullet
0%
XP-58 Chain Lightning
0%
XP-62
0%
XP-67 "Moonbat"
0%
XP-7
0%
XP-72
0%
XP-77
0%
XP-79
0%
XP-8
0%
XP-81
0%
XP-83
0%
XP-9
0%
XPB2M Mars
0%
XPBB Sea Ranger
0%
XPS
0%
XPTBH
0%
XR-1
0%
XR-10
0%
XSG
0%
XTB2D Skypirate
0%
XTB2F
0%
Y1B-7
0%
YB-60
0%
YC-14
0%
YF-93
0%
YFM-1 Airacuda
0%
YKS
0%
YP-20
0%
YP-24
0%
YP-37
0%
YPT-15
0%
YPT-16
0%

Score Distribution

Percentile by Number Answered

Percent of People with Each Score

Your Score History

You have not taken this quiz since the last reset